Košice podrobný atlas mesta : ausführlicher Atlas der Stadt : the detailed atlas of city

Bibliographic Details
Corporate Author: MAPA Slovakia (Bratislava, Slovensko) (Author)
Other Authors: Geisse, Peter (zre), Ondrejka, Kliment (auv), Fuknová, Alexandra (asm), Čeman, Róbert (nob), Ovečková, Jana (Translator)
Format: Book
Language:Slovak
PhysicalDescription:1 atlas (104 s.) 30x21 cm
Published: Bratislava Mapa Slovakia c1996
ISBN:8088716179
Subjects:

MARC

LEADER 00000nam a2200000 a 4500
001 vtls001220107
003 SK-MaSNL
005 20260301234108.0
008 171108s1996 xo 0 slo
015 |a SNBC1996/0100669 
020 |a 8088716179 
035 |a SNK000164714 
040 |a SNK  |b slo  |c SNK  |e AACR2 
041 0 |a slo 
044 |a xo  |c SK 
080 |a 908.437.671(084.4)  |2 1981 
245 1 |a Košice  |h kartografický dokument  |b podrobný atlas mesta : ausführlicher Atlas der Stadt : the detailed atlas of city  |c [technický redaktor Peter Geisse] ; [mapová časť Alexandra Fuknová] ; [textová časť Kliment Ondrejka] ; [obálka Róbert Čeman] 
255 |a Mierka 1:9000 
260 |a Bratislava  |b Mapa Slovakia  |c c1996 
300 |a 1 atlas (104 s.)  |c 30x21 cm 
500 |a Spoluvyd. Magistrát mesta Košice 
500 |a Preklad textu Jana Ovečková 
500 |a Obsah, inf., graf. mierka, vysvetl., klad. listov, sieť liniek MHD, register ulíc, firiem a inštitúcií, rekl. Text čiast. nem., angl. a maď. 
651 7 |a Košice (Slovensko)  |2 SNK  |9 18694 
700 1 |a Geisse, Peter  |4 zre  |9 43876 
700 1 |a Ondrejka, Kliment  |4 auv  |9 275643 
700 1 |a Fuknová, Alexandra  |4 asm  |9 43795 
700 1 |a Čeman, Róbert  |4 nob  |9 43254 
700 1 |a Ovečková, Jana  |4 trl  |9 8240 
710 0 |a MAPA Slovakia (Bratislava, Slovensko)  |4 aut  |9 33173 
919 |a 80-88716-17-9 
923 |a orientačný plán  |b viazaný  |c pre verejnosť 
958 |a CAT 
958 |a TL 
999 |c 968881  |d 970811 
952 |t P60, <09>, [BOOK], {629}  |a SNK  |b SNK  |y NEVYP  |7 0  |o snkB 837  |i snk2942/960904  |0 0  |1 0  |4 0  |d 1996-09-02  |l 0  |r 2005-01-01 00:00:00  |w 2026-02-24 
952 |t P60, <03>, [BOOK], {603}  |a SNK  |b SNK  |y PREZ  |7 0  |p 17A0008716  |o snkSB 55822  |i snkKSP 6907/96  |0 0  |1 0  |4 0  |d 1996-09-02  |l 0  |r 2025-04-02 00:00:00  |w 2026-02-24 
952 |t P60, <04>, [BOOK], {604}  |a SNK  |b SNK  |y VYP  |7 0  |p 17A0008715  |o snkSB 55822 D1  |i snkKSP 6908/96  |0 0  |1 0  |4 0  |d 1996-09-02  |l 0  |r 2005-01-01 00:00:00  |w 2026-02-24